000 01704nam0a2200385 4500
001 RU\NLR\BIBL_A\012503521
005 20260408200222.0
010 _a9785604548707
_9300
021 _aRU
_b2020-80347
_9КН-П-6094
035 _a(RuMoRGB)010513191
035 _a(NLR Aleph) 012503521
090 _a12241675
_c12241675
100 _a20210414d2020 u y0rusy50 ca
101 0 _arus
102 _aRU
105 _ay|||zzzz000zy
181 0 _ai4
_baxxe
182 0 _an
200 1 _aДолг памяти
_fВиктор Кокосов
203 _aТекст
_bвизуальный
_cнепосредственный
210 _aСанкт-Петербург
_cБеляевский фонд поддержки и развития литературы
_d2020
215 _a278, [2] с.
_d21
300 _aНа 4-й с. обл. авт.: Кокосов В.Н., прозаик, публицист
333 _a12+
606 _aЛенинградская битва
_xГерои и героизм
_z1941 - 1944
_92576391
_3RU\NLR\AUTH\661523293
606 _aВеликая Отечественная война
_z1941 - 1945
_xГерои и героизм
_yЛенинград, город
_3RU\NLR\AUTH\661424427
_92388219
607 _aЛенинград, город
_xОборона
_xГерои и героизм
_z1941 - 1944
_92387298
_3RU\NLR\AUTH\661423929
686 1 _aЦ35(2)722.11(2Р-4Ле-2Ленинград)-424д
686 1 _aЦ35(2)722-424д(2Р-4Ле)
686 1 _aТ3(2)722.721
700 1 _aКокосов
_bВ. Н.
_f1963-
_gВиктор Николаевич
942 _cBOOK
980 _aNBR